ბათუმის შოთა რუსთაველის სახელმწიფო უნივერსიტეტის ბიბლიოთეკა

Энциклопедический словарь (ბიბ.ჩანაწერი № 44231)

000 -LEADER
fixed length control field 00745nam a2200217Ia 4500
001 - CONTROL NUMBER
control field 10989
003 - CONTROL NUMBER IDENTIFIER
control field GE_BSU
008 - FIXED-LENGTH DATA ELEMENTS--GENERAL INFORMATION
fixed length control field 181216s||||||||xx |||||||||||||| ||und||
040 ## - CATALOGING SOURCE
Transcribing agency GE_BSU
080 ## - UNIVERSAL DECIMAL CLASSIFICATION NUMBER
Universal Decimal Classification number 031(=161.1)
245 ## - TITLE STATEMENT
Title Энциклопедический словарь
245 ## - TITLE STATEMENT
Remainder of title Т.XXХVIа=:Франконская Династия Хаки.
245 ## - TITLE STATEMENT
Statement of responsibility, etc. Подь Ред: К.К. Арсеньева,О.О. Петрушевскаго.
260 ## - PUBLICATION, DISTRIBUTION, ETC.
Place of publication, distribution, etc. С.-Петербургь
260 ## - PUBLICATION, DISTRIBUTION, ETC.
Name of publisher, distributor, etc. Типография акц.обш.
260 ## - PUBLICATION, DISTRIBUTION, ETC.
Date of publication, distribution, etc. 1902.
300 ## - PHYSICAL DESCRIPTION
Extent 956стр,илл,24см.
520 ## - SUMMARY, ETC.
Summary, etc. Изд: Ф.А.Брокгаузь,И.А.Ефронь.
653 ## - INDEX TERM--UNCONTROLLED
Uncontrolled term Энциклопедический словарь
942 ## - ADDED ENTRY ELEMENTS (KOHA)
Koha item type წიგნი
ეგზემპლარები
Withdrawn status Lost status Damaged status Not for loan Date acquired Barcode Date last seen Price effective from Koha item type
        2018-12-17 18903 2018-12-17 2018-12-17 წიგნი
        2018-12-17 18904 2018-12-17 2018-12-17 წიგნი